00473nam a22001697a 450000500170000001000130001702000230003003500130005303700100006608200110007610000170008724500600010426000390016427000560020330000240025950000200028320110929104135.0 aG-001465 c395.00a81857337501daG-001465 bGift  a328.54 aGoswami, B.  aParliamentary democracy at cross road /cby B. Goswami  aChandigarhbK.C. Publishers c2009 aS.C.O. 57-59, Basement, Sector 17 CbChnadigarhe17 av, 178p. c22cm(hb) aIncludes index